Atari ST/TT Obsluha a programové vybavení
Saved in:
| Main Author: | |
|---|---|
| Format: | Book |
| Language: | Czech |
| Published: |
Praha
Grada
1992
|
| Edition: | 1. vyd. |
| Series: | Nestůjte za dveřmi
|
| Subjects: | |
| Tags: |
No Tags, Be the first to tag this record!
|
MARC
| LEADER | 00000nam a2200000 4500 | ||
|---|---|---|---|
| 001 | c004993 | ||
| 005 | 20221214085300.2 | ||
| 020 | |a 80-85424-59-2 | ||
| 041 | 0 | |a cze | |
| 044 | |a CZ | ||
| 245 | 1 | 0 | |a Atari ST/TT |b Obsluha a programové vybavení |c Petr Jandík |
| 250 | |a 1. vyd. | ||
| 264 | 1 | |a Praha |b Grada |c 1992 | |
| 300 | |a 294 s. | ||
| 490 | 1 | |a Nestůjte za dveřmi | |
| 830 | 0 | |a Nestůjte za dveřmi | |
| 610 | 2 | 0 | |a mikropočítače |
| 610 | 2 | 0 | |a Atari ST/TT |
| 610 | 2 | 0 | |a hardvér |
| 610 | 2 | 0 | |a softvér |
| 610 | 2 | 0 | |a banky dát |
| 610 | 2 | 0 | |a grafika počítačová |
| 610 | 2 | 0 | |a systémy expertné |
| 610 | 2 | 0 | |a CAM |
| 610 | 2 | 0 | |a CAD |
| 610 | 2 | 0 | |a programovanie |
| 610 | 2 | 0 | |a jazyky programovacie |
| 610 | 2 | 0 | |a architektúra |
| 610 | 2 | 0 | |a astronómia |
| 610 | 2 | 0 | |a burzy |
| 610 | 2 | 0 | |a matematika |
| 610 | 2 | 0 | |a meteorológia |
| 610 | 2 | 0 | |a inteligencia umelá |
| 610 | 2 | 0 | |a systémy operačné |
| 100 | 1 | |a Jandík, Petr | |